|
|
|
|
| LEADER |
02022nam a2200457 4500 |
| 001 |
ocn829253183 |
| 003 |
OCoLC |
| 005 |
20170124070331.9 |
| 006 |
m o d |
| 007 |
cr cnu|||unuuu |
| 008 |
130307s2011 gw ob 001 0 ger d |
| 040 |
|
|
|a DG1
|b eng
|c DG1
|d OCLCF
|d DEBBG
|d OCLCQ
|d GrThAP
|
| 020 |
|
|
|a 9783433600825
|q (electronic bk.)
|
| 020 |
|
|
|a 3433600821
|q (electronic bk.)
|
| 029 |
1 |
|
|a DEBBG
|b BV041470378
|
| 029 |
1 |
|
|a GBVCP
|b 774750057
|
| 029 |
1 |
|
|a NZ1
|b 15916002
|
| 035 |
|
|
|a (OCoLC)829253183
|
| 050 |
|
4 |
|a TE175
|b .K73 2011
|
| 082 |
0 |
4 |
|a 625
|2 23
|
| 049 |
|
|
|a MAIN
|
| 100 |
1 |
|
|a Kracke, Ernst-August.
|
| 245 |
1 |
0 |
|a Leitfaden Straßenbrücken :
|b Entwurf, Baudurchführung, Erhaltung /
|c Ernst-August Kracke, Klaus Lodde.
|
| 264 |
|
1 |
|a Berlin :
|b Ernst & Sohn,
|c [2011]
|
| 264 |
|
4 |
|c ©2011
|
| 300 |
|
|
|a 1 online resource.
|
| 336 |
|
|
|a text
|b txt
|2 rdacontent
|
| 337 |
|
|
|a computer
|b c
|2 rdamedia
|
| 338 |
|
|
|a online resource
|b cr
|2 rdacarrier
|
| 490 |
0 |
|
|a Bauingenieur-Praxis
|
| 505 |
0 |
|
|a Technische Regelwerke -- Allgemeine Einführung Strassenbrücken -- Bauwerksentwurf -- Brückenbeläge -- Bauwerksfugen -- Berührungsschutz -- Entwässerung -- Fahrbahnübergänge -- Gründungen -- Geländer -- Hinterfüllung -- Kappen -- Lager -- Lärmschutzwände -- Mastverankerung -- Schutzeinrichtungen -- Verkehrszeichenbrücken -- Verblendung -- Vogeleinflugschutz -- Zugänglichkeit -- Brückenprüfung -- Instandsetzungsplanung -- Quellenverzeichnis -- Sachregister.
|
| 504 |
|
|
|a Includes bibliographical references and index.
|
| 588 |
0 |
|
|a Print version record.
|
| 650 |
|
0 |
|a Roads
|x Design and construction.
|
| 650 |
|
0 |
|a Bridges
|x Design and construction.
|
| 650 |
|
7 |
|a Bridges
|x Design and construction.
|2 fast
|0 (OCoLC)fst00838690
|
| 650 |
|
7 |
|a Roads
|x Design and construction.
|2 fast
|0 (OCoLC)fst01098548
|
| 655 |
|
4 |
|a Electronic books.
|
| 700 |
1 |
|
|a Lodde, Klaus.
|
| 856 |
4 |
0 |
|u https://doi.org/10.1002/9783433600825
|z Full Text via HEAL-Link
|
| 994 |
|
|
|a 92
|b DG1
|